LEADER 00753nam a2200193 i 4500 001 000000028766 003 CaOOAMICUS 005 20180830125448.0 008 180830s1832 it u000 u ita u 040 $aSeMil$bita 100 1 $aPoli, Baldassare <1795-1883>.$0(OLS)http://semarc/name/3169 245 10$aTrattato di morale o etica /$cdel D.r Baldassare Poli. 260 $aMilano :$bTipografia di Paolo Andrea Molina,$c1832. 300 $a2 v. ;$c22 cm. 650 4$aEtica e morale.$0(OLS)http://semarc/subject/612 774 0 $tSezione 1.$g1$w()72675 774 0 $tSezione 2.$g2$w()222158 996 $6245$aTrattato di morale o etica$9(OLS)http://semarc/title/39047 996 $6260$aMilano :$bTipografia di Paolo Andrea Molina$9(OLS)http://semarc/publisher/37861 LEADER 01159nam a2200265 i 4500 001 000000038780 003 CaOOAMICUS 005 20091116000000.0 008 091116s1992 gw u000 u ger u 013 $a9388 020 $a3-525-60382-7 040 $aSeMil$bita 100 1 $aEickhoff, Klaus.$0(OLS)http://semarc/name/18678 245 10$aGemeinde entwickeln für die Volkskirche der Zukunft :$bAnregungen zur Praxis /$cKlaus Eickhoff. 260 $aGöttingen :$bVandenhoeck & Ruprecht,$c1992. 300 $a364 p. ;$c23 cm. 650 4$aChiesa.$0(OLS)http://semarc/subject/3309 650 4$aComunitŕ cristiane.$0(OLS)http://semarc/subject/7916 650 4$aMinisteri ordinati - Teologia.$0(OLS)http://semarc/subject/5815 850 $aSeMil 852 $aSeMil$W1$xVenegono$y1$m2B V 326$j4935$B4935$CSeMilBibl$Z2$F4935 $81 961 $aAcquisto: Casa editrice 996 $6020$a3-525-60382-7$9(OLS)http://semarc/number/8179 996 $6245$aGemeinde entwickeln für die Volkskirche der Zukunft :$bAnregungen zur Praxis$9(OLS)http://semarc/title/54906 996 $6260$aGöttingen :$bVandenhoeck & Ruprecht$9(OLS)http://semarc/publisher/29697